000 00593nam a22002177a 4500
003 UA-OsUOA
001 85391
007 ta
008 20120622b un ||||| |||| 00| 0 ukr d
100 _aВилегжаніна Т.
090 _a02
_bВ44
942 _cSA
040 _aUA-OsUOA
_bukr
_cUA-OsUOA
_dUA-OsUOA
245 _aМобільний комплекс інформаційно-бібліотечного обслуговування
300 _aС.4-6
955 _a0
041 _aukr
080 _a02
773 0 _w85390
650 7 _a02 Бібліотечна справа
_2UDC
999 _c371710
_d371710